| 000 | 00000nam 2200000za 4500 |
| 001 | 9.839840 |
| 003 | CaOODSP |
| 005 | 20221107151710 |
| 007 | cr ||||||||||| |
| 008 | 170718q2014 onca |o f|0| 0 fre d |
| 040 | |aCaOODSP|bfre |
| 043 | |an-cn--- |
| 086 | 1 |aNM34-2/2014F-PDF |
| 245 | 00|aÀ faire chez soi! |h[ressource électronique] : |bla science de l'élasticité. |
| 260 | |a[Ottawa] : |bMusée des sciences et de la technologie du Canada, |c[2014?] |
| 300 | |a[7] p. : |bill. |
| 500 | |aPubli. aussi en anglais sous le titre : Do try this at home!: elastic science. |
| 500 | |aTitre de départ. |
| 692 | 07|2gccst|aSciences |
| 692 | 07|2gccst|aExpérimentation |
| 710 | 1 |aCanada.|bMusée des sciences et de la technologie du Canada. |
| 775 | 08|tDo try this at home! |w(CaOODSP)9.839834 |
| 856 | 40|qPDF|s366 Ko|uhttps://publications.gc.ca/collections/collection_2017/mstc-cstm/NM34-2-2014-fra.pdf |